Biblioteca "Ernesto Sabato"
Facultad de Derecho y Ciencias Sociales
Facultad de Lenguas
Universidad Nacional del Comahue

La historia en mis documentos : selección de fragmentos documentales para el aprendizaje de la historia argentina en la enseñanza media. (Record no. 20462)

MARC details
000 -CABECERA
campo de control de longitud fija 00827cam a22002292a 4500
001 - NÚMERO DE CONTROL
campo de control 014702
003 - IDENTIFICADOR DEL NÚMERO DE CONTROL
campo de control AR-FADEU
005 - FECHA Y HORA DE LA ÚLTIMA TRANSACCIÓN
campo de control 20220103112606.0
008 - DATOS DE LONGITUD FIJA--INFORMACIÓN GENERAL
campo de control de longitud fija 311216n1981####xxu####################dd
040 ## - FUENTE DE LA CATALOGACIÓN
Centro/agencia transcriptor Biblioteca Ernesto Sábato
092 ## - SIGNATURA TOPOGRÁFICA
Número de clasificación 982.055
Libristica M567-5
Sector BDGR
100 ## - Autor Personal
Nombre de persona Meroni, Graciela
245 ## - MENCIÓN DE TÍTULO
Título La historia en mis documentos : selección de fragmentos documentales para el aprendizaje de la historia argentina en la enseñanza media.
250 ## - MENCIÓN DE EDICIÓN
Mención de edición 4a, 5a. y 6a. ed.
260 ## - PUBLICACIÓN, DISTRIBUCIÓN, ETC. (PIE DE IMPRENTA)
Lugar de publicación, distribución, etc. Buenos Aires
260 ## - PUBLICACIÓN, DISTRIBUCIÓN, ETC. (PIE DE IMPRENTA)
Nombre del editor, distribuidor, etc. Huemul
260 ## - PUBLICACIÓN, DISTRIBUCIÓN, ETC. (PIE DE IMPRENTA)
Fecha de publicación, distribución, etc. 1979 - 1981
300 ## - DESCRIPCIÓN FÍSICA
Paginas 229 p. : il., fot.
500 ## - NOTA GENERAL
Nota general Primera serie desde el descubrimiento hasta los últimos días virreinales. -- Tercera serie desde el gobierno de Rosas hasta el año 30
650 ## - Descriptores Tematicos
Término de materia o nombre geográfico como elemento inicial HISTORIA ARGENTINA-1495-1930
942 ## - ELEMENTOS DE PUNTO DE ACCESO ADICIONAL (KOHA)
Tipo de ítem Koha BDGR
Fuente del sistema de clasificación o colocación Dewey Decimal Classification
Holdings
Estado de retiro Estado de pérdida Estado dañado No para préstamo Localización permanente Ubicación/localización actual Fecha de adquisición Número de inventario Total de préstamos Signatura topográfica completa Código de barras Fecha visto por última vez Precio válido a partir de Tipo de ítem Koha Fuente del sistema de clasificación o colocación
        Biblioteca Ernesto Sabato - FADECS - UNCOMA Biblioteca Ernesto Sabato - FADECS - UNCOMA 21/02/2017 16576   982.055 M567-5 16576 21/02/2017 21/02/2017 BDGR  
        Biblioteca Ernesto Sabato - FADECS - UNCOMA Biblioteca Ernesto Sabato - FADECS - UNCOMA 03/01/2022 25413   982.055 M567-6 25413 03/01/2022 03/01/2022 BDGR Dewey Decimal Classification
        Biblioteca Ernesto Sabato - FADECS - UNCOMA Biblioteca Ernesto Sabato - FADECS - UNCOMA 03/01/2022 25414   982.055 M567-4 25414 03/01/2022 03/01/2022 BDGR Dewey Decimal Classification
Facultad de Derecho y Ciencias Sociales | Universidad Nacional del Comahue | Mendoza y Perú General Roca | Río Negro CP (8332) | Patagonia Argentina | Teléfono: 54-0298-4433670 | | Fax: 0298-4432093 | Fax alumnos: 0298-4435700